000
00310nam a22001337a 4500
008
171005b xxu||||| |||| 00| 0 eng d
020
_a
9780495789109
041
_a
eng
080
_2
8TH
_a
519.9
100
_a
48
101
_a
PSI
245
_a
COGNITION THEORIES AND APPLICATIONS
_c
REED,S.K
942
_2
udc
_c
BK
999
_c
31906
_d
31906